Culture G #5 - Statistiques

Statistiques générales
  • Ce quiz a été pris 105 fois
  • Le résultat moyen est 10 sur 21
Statistiques - réponses
Question Réponse % Correct
quel est le plus grand os de l’être humain le fémur
85%
qui est surnomee queen b Beyoncé
80%
Quel est le plus grand viaduc de France Le viaduc de Millau
80%
quel est le pays avec le moins d’habitant qui accueille un gp de formule 1 Monaco
76%
qui a composé les 4 saisons Vivaldi
76%
quel est le numéro de département de la haute corse 2B
75%
Quel homme est a l’origine du slogan "I have de dream" Martin Luther King
75%
quel œuvre monumentale du siècle des lumière et dirigé par Diderot est sous titré Dictionnaire raisonné des sciences, des arts et des métiers L'Encyclopédie
59%
Qui a remporté le Tour de France 2024 Tadej Pogacar
55%
qui est l’acteur principal du film je suis une légende Will Smith
55%
quel est le surnom du célèbre pirate britannique Edward Teach Barbe Noire
51%
Dans quel pays a eu lieu la révolution des oeilllets Au Portugal
47%
combien y a t il de carte dans un jeu de tarot 78
38%
Qui a peint le tableau du couronnement de Napoleon 1er Jacques-Louis David
34%
qui est le seul président français à être mort à l’Élysée Felix Faure
28%
quel modèle de chaussures Nike a t il le plus vendu en 2023 Air force 1
26%
quelle galaxie est la plus proche de la nôtre Andromède
25%
quelle est la license la plus lucrative de tous les temps Pokémon
18%
quel est le métal avec la température de fusion la plus élevée Le tungstène
17%
quelle nom d’origine latine donne t on a l’acte qui justifie une entrée en guerre Un Casus Belli
17%
quel pays est surnommé pays du soleil couchant Le Maroc
14%
Aucun quiz correspondant
Distribution des résultats
% des personnes avec chaque résultat
Percentile par nombre de réponses
Votre historique - résultats
Vous n’avez pas pris ce quiz